00932nam a2200217 a 450000100100000000500170001000800410002704000250006808200190009310000390011224500970015126000590024830000210030759000260032865000410035465000450039570000450044091000370048595201750052299900170069700003317620230905143059.0110818s1922 dr r 000 p spa d aDO-SdBNPbspacBNPHU aRD861.4bC723g1 aColson, Jayme ,d1901-1975.95881713aEl gran drama o magno proceso de la vida /cJayme Colson ; prólogo Federico Climet Terrer. aPuerto Plata, República Dominicana :b[s.n.],c1922. a196 p. ;c18 cm. aInventariado, 2018/LP 4aPoesía historica dominicana923579 0aLiteratura histórica dominicana9243401 aClimet Terrer, Federico,epról.958818 aValidado. Control de calidad MFF 001050718RVaPDbPDcHDd2011-08-18iLF1l0oRD861.4 C723gp33176-10r2020-06-25w2020-06-25y1zPerteneció a la biblioteca personal de Martínez BoogZNo se presta c32667d32667